00549nam a2200145Ia 4500008004100000020001400041040004400055100002100099245014800120260004000268300001000308500004000318700002800358999001700386180412s9999||||xx |||||||||||||| ||und|| a801813727 aAhmadu Bello University Library - Zaria aBaldwin, John W. 0aUniversities in politics: case studies from the late Middle Ages and early modern period.cedited by John W. Baldwin and Richard A. Goldthwaite aBaltimorebJohn Hopkins Pressc1972 a137p. aIncludes bibliographical footnotes. aGoldthwaite, Richard A. c46543d46543